A Text book of Engineering Chemistry (Record no. 3727)

MARC details
000 -LEADER
fixed length control field 00368nam a22001457a 4500
005 - DATE AND TIME OF LATEST TRANSACTION
control field 20160623164237.0
008 - FIXED-LENGTH DATA ELEMENTS--GENERAL INFORMATION
fixed length control field 160623b xxu||||| |||| 00| 0 eng d
041 ## - LANGUAGE CODE
Language code of text/sound track or separate title eng
082 ## - DEWEY DECIMAL CLASSIFICATION NUMBER
Item number 9465
100 ## - MAIN ENTRY--AUTHOR NAME
Personal name Chawla, Shashi
245 ## - TITLE STATEMENT
Title A Text book of Engineering Chemistry
260 ## - PUBLICATION, DISTRIBUTION, ETC. (IMPRINT)
Name of publisher Dhanpat Rai and Co.
Year of publication 2013
650 ## - SUBJECT ADDED ENTRY--TOPICAL TERM
Topical Term Diploma Engineering
942 ## - ADDED ENTRY ELEMENTS (KOHA)
Koha item type Books
Holdings
Lost status Damaged status Collection code Home library Current library Shelving location Date acquired Cost, normal purchase price Full call number Accession Number Koha item type
    CS/IT JRU Library   SHELF-56-H 23/06/2016 450.00 9465 9465 Books
    CS/IT JRU Library   SHELF-56-H 23/06/2016 450.00 9465 9466 Books
    CS/IT JRU Library JRU Library SHELF-56-H 23/06/2016 450.00 9465 9467 Books
    CS/IT JRU Library JRU Library SHELF-56-H 23/06/2016 450.00 9465 9468 Books
    CS/IT JRU Library   SHELF-56-H 23/06/2016 450.00 9465 9469 Books